Responses for show #6350 - Friday, April 6, 2012

Contestants

Lisa Lyons, a social media consultant from Van Nuys, California

Bing Huo, a mechanical engineer from Sunnyvale, California

Joey Falco, a writer from Santa Monica, California (whose 3-day cash winnings total $53,999)

Jeopardy! Round responses

HE SIGNED THE DECLARATION OF INDEPENDENCE
WORD UP
CURRENT MUSIC (GET IT?)
"J" FOOD & DRINK
I'M TAKING FRENCH LEAVE
HERALDRY
    $200 18
Ben Franklin

Joey
    $200 6
Roger

Joey
    $200 13
(Joey: Who is Billy Joel?)

Bruce Springsteen

JoeyLisa
    $200 1
mint julep

Bing
    $200 11
Germany

Joey
    $200 24
a tenant

Joey
    $400 22
John Hancock

Bing
    $400 7
regicide

Joey
    $400 14
Moon River

Lisa
    $400 2
Jack

Lisa
    $400 12
Korea

Lisa
    $400 25
(Alex: Yes, with less than a minute to go.)

silver & gold

Joey
    $600 23
Bartlett

Joey
    $600 8
merman

Bing
    $600 15
the Doobie Brothers

Joey
    $600 3
jambalaya

Bing
    $600 19
Antwerp

Lisa
    $3,000 26
(Joey: Who is Adams?)

Benjamin Harrison

Joey
    $800 9
salutatorian

Joey
    $800 16
"Cry Me A River"

Lisa
    $800 4
Jarlsberg

Joey
    $800 20
the Thames

Triple Stumper
    $1000 27
(Bing: Who is Jefferson?)
(Joey: Who is... Aaron Burr?)

John Adams

JoeyBing
Triple Stumper
    $1000 10
(Bing: What is equilibrium?)

homoeostasis

Bing
Triple Stumper
    $1000 17
"Let The River Run"

Triple Stumper
    $1000 5
(Alex: Yes, and you said that as if you've had experience.)
(Joey: Never.)
[Laughter]

Jägermeister

Joey
    $1000 21
(Joey: What is New Brunswick?)

Nova Scotia

Joey
Triple Stumper
    $1000 28
[The end-of-round signal sounds.]

a griffin

Joey

Scores at the first commercial break (after clue 15):

Joey Bing Lisa
$3,800 $400 $1,400

Scores at the end of the Jeopardy! Round:

Joey Bing Lisa
$1,200 -$200 $2,800

Double Jeopardy! Round responses

MNEMONICS
TV WORLD
LITERARY LINKS
THE CHILDREN OF ROBERT F. KENNEDY
SCRATCH AN "ITCH"
HAROLDRY
    $400 26
the Great Lakes

Joey
    $400 3
an extreme close-up

Joey
    $400 15
Arms

Lisa
    $400 1
(Joey: What is Rhode Island?)

Massachusetts

JoeyBing
    $400 20
hitch

Bing
    $400 6
Pee Wee Reese

Joey
    $800 27
pi

Bing
    $800 4
[ERRATUM: VHF range is 30-300 megahertz.]

very high frequency

Bing
    $800 16
Rainbow

Bing
    $800 2
Fox News

Joey
    $800 21
pitch

Lisa
    $800 7
Harold Ramis

Lisa
    $2,800 28
hydrogen & helium

Bing
    $1200 8
gel

Bing
    $1200 17
Snow

Lisa
    $1200 5
JFK Jr.

Joey
    $1200 22
stitch

Bing
    $1200 12
(Bing: Who is Chaplin?)

Harold Lloyd

BingLisa
    $1600 29
occipital

Triple Stumper
    $1600 9
chroma

Lisa
    $4,500 18
(Lisa: Don't know.)
(Alex: Say something.)
(Lisa: Uh... the Piazza?)

August

Lisa
    $1600 11
the Hudson

Joey
    $1600 23
witch

Bing
    $1600 13
Harold Robbins

Lisa
    $2000 30
the atmosphere

Bing
    $2000 10
star

Bing
    $2000 19
King

Joey
    $2000 25
Kathleen

Lisa
    $2000 24
(Lisa: What is Czaritch?)
...
(Alex: You needed one more syllable--[*].)

Czarevitch

Lisa
Triple Stumper
    $2000 14
Harold Pinter

Lisa

Scores at the end of the Double Jeopardy! Round:

Joey Bing Lisa
$7,600 $12,600 $7,900

[wagering suggestions for these scores]

Final Jeopardy! Round responses

WORLD LEADERS
JoeyWho are Angela Merkel + Nicholas Sarkozy?
$7,600
LisaWho are Sarkozy and Merkel
$5,188
BingWho are Sarkozy and Merkel?
$3,201
Nicholas Sarkozy & Angela Merkel

Final scores:

Joey Bing Lisa
$15,200 $15,801 $13,088
2nd place: $2,000 New champion: $15,801 3rd place: $1,000

Game dynamics:

Coryat scores:

Joey Bing Lisa
$10,600 $11,000 $12,400
19 R,
5 W
(including 1 DD)
15 R
(including 1 DD),
3 W
15 R,
2 W
(including 1 DD)

Combined Coryat: $34,000

The J! Archive is created by fans, for fans. The Jeopardy! game show and all elements thereof, including but not limited to copyright and trademark thereto, are the property of Jeopardy Productions, Inc. and are protected under law. This website is not affiliated with, sponsored by, or operated by Jeopardy Productions, Inc. Join the discussion at JBoard.tv.